Before & After Actors by Character Quiz Stats

 Plays Quiz Updated Feb 7, 2012

Score 0/25 Timer 08:00
0 Plays Today
Character Before and After % Correct
Mike SeaverKirk Cameron Diaz
66.7%
Tracy JordanTracy Morgan Freeman
49%
James BondDaniel Craig T. Nelson
43.2%
Doug HeffernanKevin James Gandolfini
37.9%
Arwen UndómielLiv Tyler Perry
34.1%
CleopatraElizabeth Taylor Lautner
32.6%
Felicity PorterKeri Russell Crowe
32.4%
Professor Henry HigginsRex Harrison Ford
30.6%
Sally AlbrightMeg Ryan Reynolds
27.6%
Laura IngallsMelissa Gilbert Gottfried
23.8%
The PenguinBurgess Meredith Baxter
23.5%
Doc Emmett BrownChristopher Lloyd Bridges
22.1%
Betty RizzoStockard Channing Tatum
18.4%
Character Before and After % Correct
Carrie BradshawSarah Jessica Parker Stevenson
17.4%
Gregory HouseHugh Laurie Metcalf
16.5%
Mary Katherine GallagherMolly Shannon Elizabeth
15.3%
Lucky DaySteve Martin Short
15.2%
Osmosis Jones (voice)Chris Rock Hudson
14.5%
Steve StiflerSeann William Scott Bakula
13.8%
Jeff SpicoliSean Penn Badgley
13.2%
Ginger GrantTina Louise Fletcher
12.4%
Ethan EdwardsJohn Wayne Knight
11.5%
Eddie MunsterButch Patrick Stewart
11.3%
Earl HickeyJason Lee Meriwether
9.6%
Mary SwansonLauren Holly Hunter
4.5%

You're not logged in!

Compare scores with friends on all Sporcle quizzes.
OR
Log In

Sporcle TV

Today on Sporcle TV


Watch our educational content, quiz creation guides, and fun videos on Sporcle TV.

Show Comments

Extras

Top Quizzes Today


Score Distribution

Your Account Isn't Verified!

In order to create a playlist on Sporcle, you need to verify the email address you used during registration. Go to your Sporcle Settings to finish the process.

Report this User

Report this user for behavior that violates our Community Guidelines.

Details: